<?xml version="1.0" encoding="UTF-8"?>
<record
    xmlns:xsi="http://www.w3.org/2001/XMLSchema-instance"
    xsi:schemaLocation="http://www.loc.gov/MARC21/slim http://www.loc.gov/standards/marcxml/schema/MARC21slim.xsd"
    xmlns="http://www.loc.gov/MARC21/slim">

  <leader>00681nam a2200169Ia 4500</leader>
  <controlfield tag="008">090711s9999    xx            000 0 und d</controlfield>
  <datafield tag="082" ind1=" " ind2=" ">
    <subfield code="b">1600</subfield>
  </datafield>
  <datafield tag="100" ind1=" " ind2=" ">
    <subfield code="a">&#x915;&#x93E;&#x92A;&#x938;&#x947; &#x939;&#x930;&#x93F;&#x936;S&#x93E;&#x902;&#x926;&#x94D;&#x930;</subfield>
  </datafield>
  <datafield tag="245" ind1=" " ind2=" ">
    <subfield code="a">&#x938;&#x902;&#x924;&#x94D;&#x930;&#x93E; &#x92A;&#x93F;&#x915;&#x93E;S&#x93E;&#x940; &#x906;&#x927;&#x941;&#x928;&#x93F;&#x915; &#x932;&#x93E;&#x917;&#x935;&#x921;</subfield>
  </datafield>
  <datafield tag="260" ind1=" " ind2=" ">
    <subfield code="b">&#x905;&#x924;&#x941;&#x932; &#x92A;&#x94D;&#x930;&#x915;&#x93E;&#x936;&#x928;</subfield>
    <subfield code="c">1999</subfield>
  </datafield>
  <datafield tag="300" ind1=" " ind2=" ">
    <subfield code="a">79</subfield>
  </datafield>
  <datafield tag="600" ind1=" " ind2=" ">
    <subfield code="a">&#x915;&#x93E;&#x92A;&#x938;&#x947; &#x939;&#x930;&#x93F;&#x936;S&#x93E;&#x902;&#x926;&#x94D;&#x930;</subfield>
  </datafield>
  <datafield tag="630" ind1=" " ind2=" ">
    <subfield code="a">&#x938;&#x902;&#x924;&#x94D;&#x930;&#x93E; &#x92A;&#x93F;&#x915;&#x93E;S&#x93E;&#x940; &#x906;&#x927;&#x941;&#x928;&#x93F;&#x915; &#x932;&#x93E;&#x917;&#x935;&#x921;</subfield>
  </datafield>
  <datafield tag="700" ind1=" " ind2=" ">
    <subfield code="a">&#x915;&#x93E;&#x92A;&#x938;&#x947; &#x939;&#x930;&#x93F;&#x936;S&#x93E;&#x902;&#x926;&#x94D;&#x930;</subfield>
  </datafield>
  <datafield tag="730" ind1=" " ind2=" ">
    <subfield code="a">&#x938;&#x902;&#x924;&#x94D;&#x930;&#x93E; &#x92A;&#x93F;&#x915;&#x93E;S&#x93E;&#x940; &#x906;&#x927;&#x941;&#x928;&#x93F;&#x915; &#x932;&#x93E;&#x917;&#x935;&#x921;</subfield>
  </datafield>
  <datafield tag="942" ind1=" " ind2=" ">
    <subfield code="c">BOOK</subfield>
  </datafield>
  <datafield tag="999" ind1=" " ind2=" ">
    <subfield code="c">336568</subfield>
    <subfield code="d">336568</subfield>
  </datafield>
</record>
